Arbitration of labor disputes (Record no. 434839)

000 -LEADER
fixed length control field 00393cam a22001337a 4500
008 - FIXED-LENGTH DATA ELEMENTS--GENERAL INFORMATION
fixed length control field 180718b1961 xxu||||| |||| 00| 0 eng d
082 ## - DEWEY DECIMAL CLASSIFICATION NUMBER
Classification number R78x73 Up1
100 ## - MAIN ENTRY--PERSONAL NAME
Personal name Updegraff, Clarence M.
245 ## - TITLE STATEMENT
Title Arbitration of labor disputes
Statement of responsibility, etc. by Clarence M. Updegraff and Whitley P. McCoy
260 ## - PUBLICATION, DISTRIBUTION, ETC.
Place of publication, distribution, etc. Washington
Name of publisher, distributor, etc. BNA
Date of publication, distribution, etc. 1961
300 ## - PHYSICAL DESCRIPTION
Extent 321p.
650 ## - SUBJECT ADDED ENTRY--TOPICAL TERM
Topical term or geographic name entry element Labor disputes
700 ## - ADDED ENTRY--PERSONAL NAME
Personal name McCoy, Whitley P.
Holdings
Withdrawn status Lost status Damaged status Not for loan Permanent Location Current Location Date acquired Full call number Barcode Date last seen Price effective from Koha item type
        Indian Institute of Public Administration Indian Institute of Public Administration 2010-02-18 R78x73 Up1 27091 2018-07-21 2018-07-21 Book

Powered by Koha